CONCISE COORDINATION CHEMISTRY (Record no. 9263)
[ view plain ]
| 000 -LEADER | |
|---|---|
| fixed length control field | 00981nam a22001577a 4500 |
| 003 - CONTROL NUMBER IDENTIFIER | |
| control field | SGT |
| 020 ## - INTERNATIONAL STANDARD BOOK NUMBER | |
| International Standard Book Number | 9788125909347 |
| 082 ## - DEWEY DECIMAL CLASSIFICATION NUMBER | |
| Classification number | 541.2242, GOP |
| 100 ## - MAIN ENTRY--PERSONAL NAME | |
| Personal name | GOPALAN R |
| 245 ## - TITLE STATEMENT | |
| Title | CONCISE COORDINATION CHEMISTRY |
| 260 ## - PUBLICATION, DISTRIBUTION, ETC. (IMPRINT) | |
| Place of publication, distribution, etc | NEW DELHI |
| Name of publisher, distributor, etc | VIKAS |
| Year of Publication | 2001 |
| 300 ## - PAGE DESCRIPTION | |
| No. of Pages | 403 |
| 650 ## - SUBJECT ADDED ENTRY--TOPICAL TERM | |
| Topical term or geographic name as entry element | COORDINATION CHEMISTRY |
| 653 ## - KEYWORDS--INDEX TERM | |
| Keyword term | Introduction, Nomenclature of Metal Complexes, Theories of Coordination Compounds I, Theories of Coordination Compounds II, Spectral and Magnetic Characteristics of Metal Complexes, Stability of Coordination Compounds, Chelates, Isomerism of Metal Complexes Reactions of Metal Complexes, Reactions of Metal Complexes I, Reactions of Metal Complexes II, Organometallic Compounds, Metal Carbonyls and Related Compounds, Industrial Applications of Organometallic Compounds, Biological Coordination Compounds, Applications of Coordinatin Compounds, Preparation of Coordination Compounds, Solved Spectral Problems in Coordination Chemistry |
| 942 ## - ADDED ENTRY ELEMENTS (KOHA) | |
| Source of classification or shelving scheme | Dewey Decimal Classification |
| Koha item type | FPS Books |
| Withdrawn status | Lost status | Source of classification or shelving scheme | Damaged status | Not for loan | Home library | Current library | Shelving location | Date acquired | Vendor Name | Cost, normal purchase price | SGTU | Bill Number | Total Checkouts | Full call number | Accession No. (Barcode) | Date last seen | Date last borrowed | Bill Date | Koha item type |
|---|---|---|---|---|---|---|---|---|---|---|---|---|---|---|---|---|---|---|---|
| Dewey Decimal Classification | SGT Science & Social Sciences Library | SGT Science & Social Sciences Library | Text Book | 27/06/2016 | KIRTI PRAKASHAN | 495.00 | SGTU | 2911 | 1 | 541.2242, GOP | PS891 | 29/03/2019 | 28/03/2019 | 15/09/2015 | FPS Books | ||||
| Dewey Decimal Classification | SGT Science & Social Sciences Library | SGT Science & Social Sciences Library | Text Book | 27/06/2016 | KIRTI PRAKASHAN | 495.00 | SGTU | 2911 | 2 | 541.2242, GOP | PS892 | 25/02/2017 | 20/02/2017 | 15/09/2015 | FPS Books | ||||
| Dewey Decimal Classification | Not For Loan | SGT Science & Social Sciences Library | SGT Science & Social Sciences Library | Reference Book | 27/06/2016 | KIRTI PRAKASHAN | 495.00 | SGTU | 2911 | 541.2242, GOP | PS893 | 27/06/2016 | 15/09/2015 | FPS Books |